| 000 | 00900cam a2200313 4500500 | ||
|---|---|---|---|
| 005 | 20260329005350.0 | ||
| 041 | _afre | ||
| 042 | _adc | ||
| 100 | 1 | 0 |
_ade Oliveira, Victorine _eauthor |
| 245 | 0 | 0 | _a“Second traité du gouvernement civil” : le pacte social selon John Locke |
| 260 | _c2023. | ||
| 500 | _a17 | ||
| 690 | _aAngleterre | ||
| 690 | _aDroit | ||
| 690 | _aÉquilibre des pouvoirs | ||
| 690 | _aÉtat | ||
| 690 | _aÉtat de nature | ||
| 690 | _aGouvernement | ||
| 690 | _aGuerre civile | ||
| 690 | _aJohn Locke | ||
| 690 | _aLibéralisme | ||
| 690 | _aMonarchie | ||
| 690 | _aNature | ||
| 690 | _aPouvoir | ||
| 690 | _aPropriété | ||
| 690 | _aRessources | ||
| 786 | 0 | _nPhilosophie magazine | 169 | 5 | 2023-05-01 | p. 39-40 | 1951-1787 | |
| 856 | 4 | 1 | _uhttps://shs.cairn.info/magazine-philosophie-magazine-2023-5-page-39?lang=fr&redirect-ssocas=7080 |
| 999 |
_c1842715 _d1842715 |
||